000
00322 a2200109 4500
001
ART_30422
005
20260410162004.0
008
260409a
245
1
0
_a
Coparticipación federal de impuestos
100
1
_a
Salinardi, Mario A.
773
0
_t
Boletín Informativo ASAP
_g
- Nº 9 (dic. 1982)
_w
REV30391
999
_c
31508
_d
31508